Im- Vocabulary Words Quiz - Statistics

General Stats
  • This quiz has been taken 39,293 times
    31,937 since last reset
  • The average score is 14 of 22
Answer Stats
Definition Word % Correct
New resident of a country Immigrant
97%
Not capable of dying Immortal
97%
Not vulnerable to a disease Immune
87%
To suggest something without directly saying it Imply
82%
One who is not who he claims to be Impostor
82%
To think of things that do not exist Imagine
80%
Part of the Presidential removal process Impeachment
80%
To pierce with a sharp stake Impale
75%
What alcohol will do to your speech or driving ability Impair
72%
To violently collapse Implode
69%
Not biased Impartial
67%
Idiot Imbecile
66%
Like a fortress that can't be captured Impregnable
64%
Juvenile Immature
63%
Related to an empire Imperial
58%
Incapable of sexual intercourse Impotent
56%
To perform impromptu Improvise
56%
To surgically insert an object into someone's body Implant
50%
To drink, particularly alcohol Imbibe
40%
Dead end; Stalemate Impasse
40%
Grammatical mood used to express a command Imperative
35%
To destroy by fire Immolate
30%
No matching quizzes found
Score Distribution
Percent of People with Each Score
Percentile by Number Answered
Your Score History
You have not taken this quiz since the last reset